Science Quiz

Random Science or Astronomy Quiz

Isogram Planets Quiz Stats

 Plays Quiz Updated Sep 11, 2019

Score 0/6 Timer 00:30
78 Plays Today
Hint Planet % Correct
2???
96.1%
3???
92.5%
1???
87.9%
MINE???
86.2%
4???
84.2%
5???
79.5%

You're not logged in!

Compare scores with friends on all Sporcle quizzes.
OR
Log In

Show Comments

Extras

Top Quizzes Today


Score Distribution

Your Account Isn't Verified!

In order to create a playlist on Sporcle, you need to verify the email address you used during registration. Go to your Sporcle Settings to finish the process.

Report this User

Report this user for behavior that violates our Community Guidelines.

Details: